02324cam a22004334i 4500003000900000005001700009008004100026035001900067040003300086082002200119100002900141245008900170264003400259300005100293336002100344337002500365338002300390490002800413504002800441505075300469526001001222526001001232526001001242526001001252526000801262526000801270526000801278526000801286526000801294526000801302526000801310630004201318942001401360949013801374596000601512999015501518980005501673952016201728PE-LiUPU20250731172940.0150623s r 000 0 d a(Sirsi) a21012 aPE-LiUPUbspacPE-LiUPUerda04a220.7bAB19962211 aMoore, Carey A.,eautor.10aTobit :ba new translation with introduction and commentary.n40A /cCarey A. Moore. 1aNew York :bDoubleday,c1996. a336 páginas :bilustraciones mapas ;c23 cm. atext2rdacontent aunmediated2rdamedia avolume2rdacarrier0 aThe Anchor Bible ;v40A aIncluye bibliografía.0 aIntroduction to the Book of Tobit (1:1-2). -Tobit's account of his life prior to his exile (1:3-9).- Tobit's early exile in Nineveh (1:10-22). - Blindness: Tobit's reward for doing a Charitable act (2:7-14).- In misery, Tobit prays for death(3:1-6). - Disguised as azariah, Raphael is hired to accompany tobiah (5:1-6:1). - En route to Ecbatana, Tobiah catches a fish and decides to marry Sarah, Sight unseen (6:2-18). - Tobiah's Marriage to Sarah is arraged (7:1-17). - Prayers offered before and after asmodeus is exorcized (8:1-18). -During the wedding feast, Raphael returns with the money and Gabal. - While Tobit and hannah worry, the newlyweds leave for nineveh (10:1-12). - Cured of blindness, Tobit address the israelites and Jerusalem. aSEG42 aSEG41 aSEG40 aSEG39 aP94 aP87 aP86 aP85 aP77 aP76 aP35 aBiblia.pA.T.pTobíasxComentarios. 2ddccBOOK a220.7 AB 40A 1996wDEWEYc1i44542lCCODEBUL1mBULp00.00r0sYtBOOKu2015-06-24xTEOLOGIAPP350COMPRAo.STAFF. Colección General a1 a220.7 AB 40A 1996wDEWEYc21426i44542f2021-11-9g6lCCODEBUL1mBULr0sYtBOOKu2015-6-24xTEOLOGIAPP350COMPRAo.STAFF. Colección Generald21426 81gALBERTO SANCHEZ Responsable de Automatización r2025-12-02 00:00:00i7l0o220.7 AB 40A 1996p44542te1w2015-06-24xFTyBKzinventario-2023-12-13102ddc50708GENfP35aBULbBULcGENd2015-06-24eCOMPRA